| 000 | 00519 a2200181 4500 | ||
|---|---|---|---|
| 003 | OSt | ||
| 005 | 20240201113115.0 | ||
| 008 | 240201b |||||||| |||| 00| 0 eng d | ||
| 020 | _a8172047746 | ||
| 040 | _coclc | ||
| 082 |
_a894.8129 _bMOU/O |
||
| 100 |
_aMoulavi, K. Moidu _910348 |
||
| 245 |
_aORMAKKURIPPUKAL / _cK. Moidu Moulavi |
||
| 250 | _a2nd ed. | ||
| 260 |
_aKozhikode: _bIslamic Publishing House, _c2001. |
||
| 300 | _a221p. | ||
| 942 |
_2ddc _cBK _h894.8129 _iMOU/O _k894.8129 _mMOU/O |
||
| 999 |
_c43394 _d43394 |
||